| 000 | 00626cam a2200217 a 4500 | ||
|---|---|---|---|
| 001 | 000001666 | ||
| 005 | 20200929145644.0 | ||
| 008 | 680301s1967 gw ab 000 0 eng | ||
| 040 |
_aDO-SdBNP _cDLC _dDLC |
||
| 041 | 1 | 7 |
_aeng _bdut |
| 082 |
_a972.986 _bH243a |
||
| 100 | 1 |
_aHannau, Hans W., _d1904- _95414 |
|
| 245 | 1 | 0 |
_aAruba / _cHans W. Hannau. |
| 260 |
_aMunich, Alemania : _bWilhelm Andermann, _c1967. |
||
| 300 |
_a62 p. : _bil., maps. ; _c17 cm. |
||
| 490 | 1 | _aPanorama-books | |
| 651 | 4 |
_aAruba _xTrabajos Pictóricos _95415 |
|
| 830 | 0 |
_aPanorama-books. _95416 |
|
| 910 | _aCatalogación por copia / LC | ||
| 910 | _aDC | ||
| 999 |
_c1547 _d1547 |
||